Statystyki dla Sudety A-Z

Kliknij tutaj aby rozwiązać quiz!

Ogólne statystyki

  • Ten quiz został rozwiązany 35 razy
  • Średni wynik to 15 z 25

Statystyki odpowiedzi

PodpowiedźOdpowiedź% Poprawnych
ŚNajwyższy szczyt SudetówŚnieżka
100%
W________ Kamieńczyka, Szklarki lub ŁomniczkiWodospad
89%
ŻKolor szlaku prowadzący m.in. z Karpacza do schroniska "Strzecha Akademicka"żółty
89%
HCzeskie miasto znane ze skoczni do lotów narciarskichHarrachov
86%
IPotoczna (ale niepoprawna) nazwa Gór IzerskichIzery
86%
GPasmo górskie, w którym najwyższym szczytem jest Szczeliniec WielkiGóry Stołowe
82%
KMiejscowość wypoczynkowa w obrębie SudetówKarpacz
82%
CZamek niedaleko Jeleniej Góry, położony na górze o tej samej nazwieChojnik
68%
SNa tę górę prowadzi kolej linowaSzrenica
68%
ZCzęść miasta Duszniki-Zdrój, popularny ośrodek sportów zimowychZieleniec
68%
ADo tego schroniska można dojechać autobusem z WałbrzychaAndrzejówka
64%
ŁNa tej rzece zostala zbudowana zapora w KarpaczuŁomnica
64%
BCzeski odpowiednik słowa "schronisko"Bouda
57%
UW Cieplicach znajduje się najstarszy tego typu kurort leczniczyuzdrowisko
57%
MNajwyższe pasmo górskie w polskiej części Sudetów WschodnichMasyw Śnieżnika
54%
ONajwyższy polski szczyt Sudetów ŚrodkowychOrlica
50%
DSzlak prowadzący ze schroniska "Dom Śląski" na ŚnieżkęDroga Jubileuszowa
46%
LCzeski hotel położony w pobliżu Równi pod ŚnieżkąLucni Bouda
43%
PDolna stacja wyciągu gondolowego na ŚnieżkęPec pod Śnieżką
39%
ŹMiejsce, w którym znajduje się symboliczna studzienka i mozaiki przedstawiające herby miast, przez które przepływa rzeka ŁabaŹródła Łaby
39%
JCzeskie schronisko górskie w Sudetach ZachodnichJelenka
36%
NSchronisko w Karkonoszach, znane z braku dostępu do prąduNad Łomniczką
32%
TZielony szlak prowadzący z Karpacza na Przełęcz OkrajTabaczana Ścieżka
29%
RPośrednia stacja wyciągu gondolowego na ŚnieżkęRuzohorky
14%
FTwórca trasy turystycznej na Szczeliniec WielkiFranciszek Pabel
7%

Rozkład punktacji

Percentyl według liczby udzielonych odpowiedzi

Procent ludzi z każdym wynikiem

Twoja historia wyników

Nie rozwiązałeś tego quizu